[Event "PohÃ¡r mÄ›sta Å˜Ã­Ä�any 2020"]
[Site "MÄ›stskÃ© kulturnÃ­ stÅ™edisko U labutÄ›"]
[Date "2020.08.26"]
[Round "6.1"]
[White "Plischki, Sebastian"]
[Black "Zvolensky, David"]
[Result "1/2-1/2"]
[WhiteElo "2356"]
[BlackElo "2048"]
[PlyCount "0"]
[EventDate "2020.08.22"]

1. d4 {[%clk 01:30:57]} {[%emt 00:00:02]} Nf6 {[%clk 01:30:52]} {[%emt
00:00:08]} 2. c4 {[%clk 01:31:10]} {[%emt 00:00:17]} e6 {[%clk 01:31:18]}
{[%emt 00:00:05]} 3. Nc3 {[%clk 01:31:07]} {[%emt 00:00:32]} d5 {[%clk
01:31:44]} {[%emt 00:00:04]} 4. cxd5 {[%clk 01:30:56]} {[%emt 00:00:40]} exd5
{[%clk 01:32:09]} {[%emt 00:00:05]} 5. Bg5 {[%clk 01:31:18]} {[%emt 00:00:08]}
Be7 {[%clk 01:32:18]} {[%emt 00:00:21]} 6. e3 {[%clk 01:31:38]} {[%emt
00:00:09]} c6 {[%clk 01:32:39]} {[%emt 00:00:10]} 7. Bd3 {[%clk 01:31:51]}
{[%emt 00:00:16]} h6 {[%clk 01:32:09]} {[%emt 00:01:00]} 8. Bf4 {[%clk
01:30:58]} {[%emt 00:01:23]} O-O {[%clk 01:31:40]} {[%emt 00:01:00]} 9. h3
{[%clk 01:30:23]} {[%emt 00:01:05]} Bd6 {[%clk 01:28:26]} {[%emt 00:03:44]} 10.
Bxd6 {[%clk 01:30:12]} {[%emt 00:00:40]} Qxd6 {[%clk 01:28:52]} {[%emt
00:00:05]} 11. Nf3 {[%clk 01:30:21]} {[%emt 00:00:20]} Nbd7 {[%clk 01:25:26]}
{[%emt 00:03:56]} 12. Qc2 {[%clk 01:29:29]} {[%emt 00:01:22]} Re8 {[%clk
01:21:13]} {[%emt 00:04:43]} 13. O-O {[%clk 01:28:03]} {[%emt 00:01:55]} a5
{[%clk 01:16:22]} {[%emt 00:05:22]} 14. Rae1 {[%clk 01:24:43]} {[%emt
00:03:49]} b5 {[%clk 01:06:50]} {[%emt 00:10:04]} 15. e4 {[%clk 01:19:58]}
{[%emt 00:05:14]} dxe4 {[%clk 01:07:06]} {[%emt 00:00:14]} 16. Nxe4 {[%clk
01:20:22]} {[%emt 00:00:06]} Nxe4 {[%clk 01:05:24]} {[%emt 00:02:12]} 17. Bxe4
{[%clk 01:20:44]} {[%emt 00:00:07]} Bb7 {[%clk 01:04:29]} {[%emt 00:01:25]} 18.
Bh7+ {[%clk 01:11:51]} {[%emt 00:09:22]} Kh8 {[%clk 00:55:45]} {[%emt
00:09:14]} 19. Bf5 {[%clk 01:09:49]} {[%emt 00:02:32]} c5 {[%clk 00:52:58]}
{[%emt 00:03:18]} 20. dxc5 {[%clk 00:55:27]} {[%emt 00:14:51]} Qxc5 {[%clk
00:43:07]} {[%emt 00:10:21]} 21. Rc1 {[%clk 00:48:19]} {[%emt 00:07:38]} Qxc2
{[%clk 00:43:21]} {[%emt 00:00:17]} 22. Rxc2 {[%clk 00:48:44]} {[%emt
00:00:05]} Ne5 {[%clk 00:42:58]} {[%emt 00:00:53]} 23. Nd4 {[%clk 00:35:59]}
{[%emt 00:13:15]} g6 {[%clk 00:37:47]} {[%emt 00:05:41]} 24. Rc7 {[%clk
00:35:44]} {[%emt 00:00:45]} Bd5 {[%clk 00:35:15]} {[%emt 00:03:03]} 25. Bb1
{[%clk 00:34:31]} {[%emt 00:01:42]} Bc4 {[%clk 00:33:39]} {[%emt 00:02:06]} 26.
Rd1 {[%clk 00:21:12]} {[%emt 00:13:49]} Rad8 {[%clk 00:33:58]} {[%emt
00:00:12]} 27. b3 {[%clk 00:20:23]} {[%emt 00:01:18]} Bd3 {[%clk 00:32:28]}
{[%emt 00:02:01]} 28. Bxd3 {[%clk 00:18:51]} {[%emt 00:02:02]} Rxd4 {[%clk
00:32:50]} {[%emt 00:00:09]} 29. Be2 {[%clk 00:18:11]} {[%emt 00:01:09]} Rxd1+
{[%clk 00:32:36]} {[%emt 00:00:44]} 30. Bxd1 {[%clk 00:18:39]} {[%emt
00:00:03]} Nd3 {[%clk 00:30:39]} {[%emt 00:02:27]} 31. Bf3 {[%clk 00:17:59]}
{[%emt 00:01:09]} Re1+ {[%clk 00:30:15]} {[%emt 00:00:54]} 32. Kh2 {[%clk
00:18:24]} {[%emt 00:00:05]} Ra1 {[%clk 00:26:25]} {[%emt 00:04:20]} 33. Be2
{[%clk 00:16:23]} {[%emt 00:02:32]} Ne5 {[%clk 00:20:39]} {[%emt 00:06:16]} 34.
Bxb5 {[%clk 00:15:18]} {[%emt 00:01:34]} Rxa2 {[%clk 00:21:05]} {[%emt
00:00:05]} 35. f4 {[%clk 00:14:05]} {[%emt 00:01:43]} Nf3+ {[%clk 00:21:28]}
{[%emt 00:00:07]} 36. Kg3 {[%clk 00:14:28]} {[%emt 00:00:06]} Ne1 {[%clk
00:21:45]} {[%emt 00:00:13]} 37. Bf1 {[%clk 00:13:53]} {[%emt 00:01:05]} Rb2
{[%clk 00:21:05]} {[%emt 00:01:11]} 38. Rc3 {[%clk 00:09:21]} {[%emt 00:05:01]}
Kg7 {[%clk 00:20:15]} {[%emt 00:01:21]} 39. Re3 {[%clk 00:09:43]} {[%emt
00:00:07]} Nc2 {[%clk 00:20:39]} {[%emt 00:00:07]} 40. Rc3 {[%clk 00:09:28]}
{[%emt 00:00:45]} Nd4 {[%clk 00:17:11]} {[%emt 00:03:58]} 41. Bc4 {[%clk
00:09:39]} {[%emt 00:00:18]} Ne2+ {[%clk 00:15:03]} {[%emt 00:02:38]} 42. Bxe2
{[%clk 00:09:58]} {[%emt 00:00:11]} 1/2-1/2

[Event "PohÃ¡r mÄ›sta Å˜Ã­Ä�any 2020"]
[Site "MÄ›stskÃ© kulturnÃ­ stÅ™edisko U labutÄ›"]
[Date "2020.08.26"]
[Round "6.2"]
[White "Petr, Jakub"]
[Black "Vojta, Tomas"]
[Result "1/2-1/2"]
[WhiteElo "2236"]
[BlackElo "2328"]
[PlyCount "0"]
[EventDate "2020.08.22"]

1. d4 d5 2. Nf3 Nf6 3. c4 dxc4 4. e3 Bg4 5. Bxc4 e6 6. Nbd2 Nbd7 7. O-O Bd6
8. Be2 O-O 9. Nc4 Nb6 10. b3 Nxc4 11. bxc4 c5 12. Bb2 Qe7 13. Qb3 Rac8 14. h3
Bh5 15. Rad1 b6 16. Rfe1 Rfd8 17. a3 Ne4 18. Qc2 Nf6 19. e4 Bxf3 20. Bxf3 e5
21. d5 Rb8 22. Be2 Nd7 23. Rb1 Qh4 24. a4 Nf8 25. Bf1 Ng6 26. Bc3 Bc7 27. Rb3
Rd6 28. Reb1 Re8 29. Be1 1/2-1/2

[Event "PohÃ¡r mÄ›sta Å˜Ã­Ä�any 2020"]
[Site "MÄ›stskÃ© kulturnÃ­ stÅ™edisko U labutÄ›"]
[Date "2020.08.26"]
[Round "6.3"]
[White "Stanek, Ondrej"]
[Black "Elias, Jakub"]
[Result "1/2-1/2"]
[WhiteElo "2074"]
[BlackElo "1937"]
[PlyCount "0"]
[EventDate "2020.08.22"]

1. e4 c5 2. c3 d5 3. exd5 Qxd5 4. d4 cxd4 5. cxd4 Nc6 6. Nf3 e6 7. Nc3 Bb4
8. Bd3 Nf6 9. O-O Qd8 10. Bg5 Be7 11. a3 Nd5 12. Bxe7 Ncxe7 13. Ne5 O-O 14. Qc2
Ng6 15. Be4 Nf6 16. Rfd1 a6 17. Nxg6 hxg6 18. d5 exd5 19. Nxd5 Nxd5 20. Bxd5 Qb6
21. b4 Be6 22. Bxe6 Qxe6 23. Qc7 Rab8 24. Qd6 1/2-1/2

[Event "PohÃ¡r mÄ›sta Å˜Ã­Ä�any 2020"]
[Site "MÄ›stskÃ© kulturnÃ­ stÅ™edisko U labutÄ›"]
[Date "2020.08.26"]
[Round "6.4"]
[White "Zizka, Petr"]
[Black "Lhotsky, Frantisek"]
[Result "1-0"]
[WhiteElo "2046"]
[BlackElo "1975"]
[PlyCount "0"]
[EventDate "2020.08.22"]

1. b3 d5 2. Bb2 Bf5 3. e3 e6 4. f4 Nf6 5. Nf3 Be7 6. Bd3 Bxd3 7. cxd3 O-O
8. O-O Nbd7 9. Nc3 c6 10. Ne2 a5 11. a4 Qb6 12. d4 Rac8 13. Rb1 h6 14. d3 Nh7
15. Qd2 f5 16. Bc3 Ra8 17. b4 axb4 18. Bxb4 Bxb4 19. Rxb4 Qa6 20. Rfb1 Rfb8
21. Ne5 Nxe5 22. dxe5 Nf8 23. Nd4 Qa5 24. Qb2 c5 25. Rb5 Qxa4 26. Rxc5 Qd7
27. Qb6 Rc8 28. Rxc8 Rxc8 29. Qxb7 Qxb7 30. Rxb7 Rc3 31. Re7 Rxd3 32. Kf2 Rd2+
33. Kf1 Rd1+ 34. Ke2 Rg1 35. Kf2 Rd1 36. Nxe6 Nxe6 37. Rxe6 Rd2+ 38. Kf3 Kf7
39. Rd6 Ke7 40. h3 Kf7 41. g4 fxg4+ 42. hxg4 Ke7 43. f5 1-0

[Event "PohÃ¡r mÄ›sta Å˜Ã­Ä�any 2020"]
[Site "MÄ›stskÃ© kulturnÃ­ stÅ™edisko U labutÄ›"]
[Date "2020.08.26"]
[Round "6.5"]
[White "Reljic, Michael"]
[Black "Rut, Vojtech"]
[Result "0-1"]
[WhiteElo "1957"]
[BlackElo "2043"]
[PlyCount "0"]
[EventDate "2020.08.22"]

1. b3 a5 2. Nf3 a4 3. bxa4 Rxa4 4. Nc3 Ra5 5. Bb2 d5 6. e4 d4 7. Ne2 e5 8. c3
Nf6 9. d3 Bg4 10. cxd4 Bxf3 11. gxf3 Bb4+ 12. Bc3 Bxc3+ 13. Nxc3 Qxd4 14. Ne2
Qb4+ 15. Qd2 Nc6 16. f4 Ng4 17. Nc3 Nd4 18. Be2 Nxe2 19. Kxe2 exf4 20. Rhg1 Ne5
21. f3 O-O 22. Rab1 Qd4 23. Rxb7 Qxg1 0-1

[Event "PohÃ¡r mÄ›sta Å˜Ã­Ä�any 2020"]
[Site "MÄ›stskÃ© kulturnÃ­ stÅ™edisko U labutÄ›"]
[Date "2020.08.26"]
[Round "6.6"]
[White "Horak, Jan"]
[Black "Ocelak, Jakub"]
[Result "0-1"]
[WhiteElo "2029"]
[BlackElo "1949"]
[PlyCount "0"]
[EventDate "2020.08.22"]

1. d4 Nf6 2. c4 g6 3. g3 Bg7 4. Bg2 O-O 5. Nf3 c6 6. O-O d6 7. Nc3 Qa5 8. Qc2
a6 9. a3 Bf5 10. e4 Bg4 11. e5 Nfd7 12. exd6 exd6 13. Bf4 Bxf3 14. Bxf3 Bxd4
15. Bxd6 Rd8 16. c5 Re8 17. Ne4 Bg7 18. Ng5 Ne5 19. Bxe5 Rxe5 20. Nxf7 Qc7
21. Nxe5 Bxe5 22. Rae1 0-1

[Event "PohÃ¡r mÄ›sta Å˜Ã­Ä�any 2020"]
[Site "MÄ›stskÃ© kulturnÃ­ stÅ™edisko U labutÄ›"]
[Date "2020.08.26"]
[Round "6.7"]
[White "Voracek, Zdenek"]
[Black "Rehak, Martin"]
[Result "1/2-1/2"]
[WhiteElo "1903"]
[BlackElo "2023"]
[PlyCount "0"]
[EventDate "2020.08.22"]

1. d4 g6 2. c4 Nf6 3. Nc3 Bg7 4. e4 d6 5. f3 O-O 6. Be3 Nc6 7. Qd2 e5 8. Nge2
exd4 9. Nxd4 Nxd4 10. Bxd4 c6 11. Rd1 Qa5 12. Be2 Be6 13. O-O Rad8 14. Bxf6 Bxf6
15. Nd5 Qc5+ 16. Ne3 Bxb2 1/2-1/2

[Event "PohÃ¡r mÄ›sta Å˜Ã­Ä�any 2020"]
[Site "MÄ›stskÃ© kulturnÃ­ stÅ™edisko U labutÄ›"]
[Date "2020.08.26"]
[Round "6.8"]
[White "Pecka, Jan"]
[Black "Le, Anh Dung"]
[Result "1-0"]
[WhiteElo "1610"]
[BlackElo "1616"]
[PlyCount "0"]
[EventDate "2020.08.22"]

1. b3 b6 2. Bb2 Bb7 3. Nf3 Nf6 4. g3 e6 5. Bg2 Be7 6. O-O d5 7. c4 O-O 8. d4
dxc4 9. bxc4 c5 10. e3 Nbd7 11. Nc3 cxd4 12. exd4 Qc7 13. Qe2 Ba6 14. Nd2 Rac8
15. Nb5 Bxb5 16. cxb5 Qc2 17. Rab1 Bb4 18. Bc1 Bc3 19. Rb3 Bxd4 20. Rd3 e5
21. Ba3 Nc5 22. Bxc5 Rxc5 23. Ra3 Bc3 24. Rd1 Rd8 25. Rxa7 e4 26. Nf1 Qxd1
27. Qxd1 Rcd5 28. Qb3 Bd4 29. Bxe4 Re5 30. Qxf7+ Kh8 31. Qxg7# 1-0

[Event "PohÃ¡r mÄ›sta Å˜Ã­Ä�any 2020"]
[Site "MÄ›stskÃ© kulturnÃ­ stÅ™edisko U labutÄ›"]
[Date "2020.08.26"]
[Round "6.9"]
[White "Otruba, Marek"]
[Black "Hrdina, Robin"]
[Result "1/2-1/2"]
[WhiteElo "2079"]
[BlackElo "2243"]
[PlyCount "0"]
[EventDate "2020.08.22"]

1. d4 Nf6 2. c4 e6 3. g3 d5 4. Nf3 dxc4 5. Bg2 a6 6. O-O Nc6 7. Qc2 Bd7 8. Nbd2
Nb4 9. Qxc4 Bb5 10. Qb3 a5 11. Re1 a4 12. Qd1 c5 13. a3 Nc6 14. dxc5 Bxc5
15. Qc2 Bxf2+ 16. Kxf2 Ng4+ 17. Kg1 Qb6+ 18. e3 Nxe3 19. Rxe3 Qxe3+ 20. Kh1 O-O
21. Ne4 Ne5 22. Qd1 Qxe4 23. Nxe5 Qd3 24. Bg5 h6 25. Be7 Rfc8 1/2-1/2

[Event "PohÃ¡r mÄ›sta Å˜Ã­Ä�any 2020"]
[Site "MÄ›stskÃ© kulturnÃ­ stÅ™edisko U labutÄ›"]
[Date "2020.08.26"]
[Round "6.10"]
[White "Skypala, Ondrej"]
[Black "Svoboda, Jaromir"]
[Result "1/2-1/2"]
[WhiteElo "2129"]
[BlackElo "1977"]
[PlyCount "0"]
[EventDate "2020.08.22"]

1. c4 e6 2. d4 d5 3. Nc3 c5 4. cxd5 cxd4 5. Qa4+ Bd7 6. Qxd4 exd5 7. Qxd5 Nc6
8. Bg5 Nf6 9. Qd2 Qa5 10. Bxf6 gxf6 11. e4 O-O-O 12. Bc4 Be6 13. Qe2 Bxc4
14. Qxc4 Rd4 15. Qxf7 Bb4 16. Qe6+ Kb8 17. Ne2 Qg5 18. O-O Rd2 19. Ng3 Rhd8
20. Nd5 Bc5 21. b4 Nxb4 22. Nxb4 Bxb4 23. Rab1 Bc5 24. Qf7 R2d7 25. Qb3 Qg4
26. Kh1 b6 27. f3 Qf4 28. Nf5 Rd2 29. g3 Qe5 30. Rbd1 Rxd1 31. Rxd1 Rxd1+
32. Qxd1 Qb2 33. Qd8+ Kb7 34. Qd7+ Ka6 35. Ne3 Qc1+ 36. Nd1 Qc2 37. Nb2 Qxb2
1/2-1/2

[Event "PohÃ¡r mÄ›sta Å˜Ã­Ä�any 2020"]
[Site "MÄ›stskÃ© kulturnÃ­ stÅ™edisko U labutÄ›"]
[Date "2020.08.26"]
[Round "6.11"]
[White "Kopecky, Jiri"]
[Black "Kupsa, Matej"]
[Result "1/2-1/2"]
[WhiteElo "1921"]
[BlackElo "2079"]
[PlyCount "0"]
[EventDate "2020.08.22"]

1. e4 c5 2. c3 Nf6 3. e5 Nd5 4. d4 cxd4 5. cxd4 d6 6. Nf3 Nc6 7. Bc4 Nb6 8. Bb3
dxe5 9. d5 Nd4 10. Nxd4 exd4 11. Qxd4 e6 12. Nc3 exd5 13. O-O Be6 14. Bf4 Rc8
15. Rad1 Qf6 16. Qxf6 gxf6 17. Nxd5 Nxd5 18. Bxd5 Bxd5 19. Rxd5 Rc6 20. Rfd1
1/2-1/2

[Event "PohÃ¡r mÄ›sta Å˜Ã­Ä�any 2020"]
[Site "MÄ›stskÃ© kulturnÃ­ stÅ™edisko U labutÄ›"]
[Date "2020.08.26"]
[Round "6.12"]
[White "Petras, Milan"]
[Black "Maslo, Ondrej"]
[Result "1-0"]
[WhiteElo "1996"]
[BlackElo "1834"]
[PlyCount "0"]
[EventDate "2020.08.22"]

1. e4 c5 2. g3 Nc6 3. Bg2 g6 4. c3 Bg7 5. d3 d6 6. f4 e6 7. Be3 Nge7 8. Nf3 O-O
9. O-O Rb8 10. g4 f5 11. gxf5 exf5 12. Ng5 fxe4 13. dxe4 b5 14. a4 a6 15. axb5
axb5 16. Rf2 h6 17. Nf3 Kh7 18. Rd2 Qe8 19. Na3 b4 20. cxb4 Rxb4 21. Qe2 Nd4
22. Bxd4 cxd4 23. Nc2 Rxb2 24. Ncxd4 Rb4 25. Ra8 Rxf4 26. Ne6 Qc6 27. Rxc8 Qxc8
28. Nxf4 Rxe4 29. Ng5+ hxg5 30. Bxe4 Qc1+ 31. Kg2 gxf4 32. Rc2 f3+ 33. Qxf3 Qg5+
34. Kh1 Nf5 35. Rg2 Qf6 36. Qh5+ Bh6 37. Qf3 1-0

[Event "PohÃ¡r mÄ›sta Å˜Ã­Ä�any 2020"]
[Site "MÄ›stskÃ© kulturnÃ­ stÅ™edisko U labutÄ›"]
[Date "2020.08.26"]
[Round "6.13"]
[White "Hejsek, Lukas"]
[Black "Koper, Stefan"]
[Result "0-1"]
[WhiteElo "1991"]
[BlackElo "1871"]
[PlyCount "0"]
[EventDate "2020.08.22"]

1. d4 g6 2. Nf3 Bg7 3. g3 d5 4. Bg2 Nf6 5. O-O O-O 6. c4 c6 7. Qb3 e6 8. Nc3
Nbd7 9. Bf4 dxc4 10. Qxc4 Nb6 11. Qb3 Nbd5 12. Be5 Nxc3 13. bxc3 Nd7 14. Bxg7
Kxg7 15. Rfd1 Qb6 16. Nd2 Qa6 17. Qc4 Qa3 18. Qd3 h5 19. Nc4 Qe7 20. a4 h4
21. a5 Rh8 22. Qe3 a6 23. Qf4 hxg3 24. fxg3 Nf6 25. e4 Bd7 26. Rf1 Raf8 27. g4
c5 28. Qe5 Bb5 29. g5 Kg8 30. gxf6 Qd7 31. Nb6 Qd8 32. c4 Rh5 33. Qf4 Qxd4+
34. Qf2 Qe5 35. h3 Bc6 36. Rad1 Qc3 37. Qxc5 0-1

[Event "PohÃ¡r mÄ›sta Å˜Ã­Ä�any 2020"]
[Site "MÄ›stskÃ© kulturnÃ­ stÅ™edisko U labutÄ›"]
[Date "2020.08.26"]
[Round "6.14"]
[White "Hadrava, Jaroslav"]
[Black "Bartos, Vaclav"]
[Result "1/2-1/2"]
[WhiteElo "1883"]
[BlackElo "1976"]
[PlyCount "0"]
[EventDate "2020.08.22"]

1. e4 c6 2. d4 d5 3. exd5 cxd5 4. c4 Nf6 5. Nc3 Nc6 6. Nf3 e6 7. c5 Be7 8. b4
Nxb4 9. Qa4+ Nc6 10. Bb5 Bd7 11. Ne5 Nxe5 12. dxe5 Bxb5 13. Nxb5 Nd7 14. Nd6+
Bxd6 15. exd6 O-O 16. Ba3 Ne5 17. O-O Nc4 18. Rab1 b6 19. Rfc1 Nxa3 20. Qxa3
bxc5 21. Qxc5 Rc8 22. Qb4 Qd7 23. a4 a5 24. Qa3 g6 25. Rxc8 Rxc8 26. g3 Qa7
27. Rb5 d4 28. Qf3 Qa6 29. d7 Rd8 30. Qf6 Qa8 31. Qxd4 Qc6 32. Rb8 Rxb8
33. d8=Q+ Rxd8 34. Qxd8+ Kg7 35. Qxa5 Qc1+ 36. Kg2 Qc6+ 37. Kh3 h5 38. Qb5 Qf3
39. Qe5+ Kh7 40. Qf4 Qb7 41. a5 Qd7 42. Qf3 Qa7 43. a6 Qxa6 44. Qxf7+ Kh6
45. Qf4+ Kg7 46. Qe5+ 1/2-1/2

[Event "PohÃ¡r mÄ›sta Å˜Ã­Ä�any 2020"]
[Site "MÄ›stskÃ© kulturnÃ­ stÅ™edisko U labutÄ›"]
[Date "2020.08.26"]
[Round "6.15"]
[White "Lhotsky, Zdenek"]
[Black "Cermak, Jan"]
[Result "0-1"]
[WhiteElo "1831"]
[BlackElo "1971"]
[PlyCount "0"]
[EventDate "2020.08.22"]

1. e4 e5 2. Nf3 Nf6 3. Nxe5 d6 4. Nf3 Nxe4 5. d4 d5 6. Bd3 Be7 7. O-O O-O 8. c4
c6 9. Nc3 Nxc3 10. bxc3 Bg4 11. Bf4 Nd7 12. cxd5 cxd5 13. Be2 Rc8 14. Qb3 Qb6
15. Qxd5 Rxc3 16. Rab1 Qc6 17. Qxc6 bxc6 18. Rb2 Nb6 19. h3 Be6 20. Rc1 Nd5
21. Bc4 Rxf3 22. Bxd5 Bxd5 23. Rb7 Bf6 {neèitelné} 0-1

[Event "PohÃ¡r mÄ›sta Å˜Ã­Ä�any 2020"]
[Site "MÄ›stskÃ© kulturnÃ­ stÅ™edisko U labutÄ›"]
[Date "2020.08.26"]
[Round "6.16"]
[White "Vit, Zdenek"]
[Black "Plasek, Zdenek"]
[Result "0-1"]
[WhiteElo "1703"]
[BlackElo "1967"]
[PlyCount "0"]
[EventDate "2020.08.22"]

1. e4 c5 2. Nf3 d6 3. d4 cxd4 4. Nxd4 Nf6 5. Nc3 a6 6. Bg5 e6 7. Be2 Nbd7 8. f4
Qc7 9. O-O b5 10. a3 Bb7 11. Bf3 Rc8 12. e5 Bxf3 13. Nxf3 Ng4 14. Qe2 dxe5
15. h3 Ne3 16. fxe5 Nxf1 17. Rxf1 Bc5+ 18. Kh2 O-O 19. Ne4 Nxe5 20. Bf4 Nxf3+
21. Qxf3 e5 22. Bd2 Be7 23. Qg3 f5 24. Bh6 g6 25. Bxf8 Rxf8 26. Nc3 Qc6 0-1

[Event "PohÃ¡r mÄ›sta Å˜Ã­Ä�any 2020"]
[Site "MÄ›stskÃ© kulturnÃ­ stÅ™edisko U labutÄ›"]
[Date "2020.08.26"]
[Round "6.18"]
[White "Pejrimovska, Viola Ruby"]
[Black "Skala, Jaromir"]
[Result "0-1"]
[WhiteElo "1569"]
[BlackElo "1891"]
[PlyCount "0"]
[EventDate "2020.08.22"]

1. e4 g6 2. d4 Bg7 3. Nc3 c6 4. f4 d5 5. e5 h5 6. Nf3 Bf5 7. Bd3 Nh6 8. O-O e6
9. Ne2 h4 10. Ng5 Bxd3 11. Qxd3 Nf5 12. b3 Nd7 13. Ba3 Bh6 14. Qd2 Qb6 15. Kh1
Qa6 16. Bb2 Bxg5 17. fxg5 O-O-O 18. a4 Rh7 19. b4 Nb6 20. b5 Nc4 21. Qb4 Qb6
22. Qc3 Rdh8 23. Ba3 c5 24. Bxc5 Qd8 25. a5 Qxg5 26. a6 b6 27. Nf4 Ng3+ 28. Kg1
Qxf4 29. Qxc4 Qe3+ 0-1

[Event "PohÃ¡r mÄ›sta Å˜Ã­Ä�any 2020"]
[Site "MÄ›stskÃ© kulturnÃ­ stÅ™edisko U labutÄ›"]
[Date "2020.08.26"]
[Round "6.19"]
[White "Steiner, Juraj"]
[Black "Holub, Adam"]
[Result "0-1"]
[WhiteElo "1953"]
[BlackElo "1746"]
[PlyCount "0"]
[EventDate "2020.08.22"]

1. d4 d5 2. c4 e6 3. Nc3 c6 4. cxd5 exd5 5. Qc2 Bd6 6. e3 Ne7 7. Bd3 Nd7 8. Bd2
Nf6 9. Nge2 g6 10. b3 Nh5 11. g4 Ng7 12. e4 dxe4 13. Nxe4 Nd5 14. Nxd6+ Qxd6
15. Qc5 Qf6 16. O-O-O Ne6 17. Qd6 Bd7 18. Nc3 O-O-O 19. Nxd5 cxd5 20. Kb1 Bc6
21. Qg3 h5 22. g5 Qe7 23. Rhe1 Rde8 24. Bf4 Qb4 25. Qh3 Kd8 26. Be5 Rhg8
27. Bf6+ Kc8 28. f4 Kb8 29. Qe3 Ka8 30. Be5 a6 31. h4 Ng7 32. Qf3 Bd7 33. Qxd5
Be6 34. Qc5 Qxc5 35. dxc5 Nf5 36. Be4 Rc8 37. Rc1 Bd7 38. Rcd1 Be6 39. Bd6 Rgd8
40. Rd3 Rd7 41. b4 Ka7 42. b5 Bc4 43. b6+ Ka8 44. Rc3 Be6 45. Rd1 Nxd6 46. c6
Nxe4 47. cxd7 Nxc3+ 48. Kc2 Nxd1+ 49. dxc8=Q+ Bxc8 50. Kxd1 Be6 51. a3 Kb8 0-1

[Event "PohÃ¡r mÄ›sta Å˜Ã­Ä�any 2020"]
[Site "MÄ›stskÃ© kulturnÃ­ stÅ™edisko U labutÄ›"]
[Date "2020.08.26"]
[Round "6.20"]
[White "Lhotska, Anna"]
[Black "Sargsyan, Karen"]
[Result "0-1"]
[WhiteElo "1793"]
[BlackElo "1918"]
[PlyCount "0"]
[EventDate "2020.08.22"]

1. e4 c5 2. Nf3 e6 3. d4 cxd4 4. Nxd4 a6 5. Bd3 Qc7 6. O-O Nf6 7. Qe2 Nc6
8. Nb3 d5 9. exd5 Nxd5 10. c4 Nf4 11. Bxf4 Qxf4 12. Nc3 Bd6 13. g3 Qe5 14. Ne4
Be7 15. f4 Qc7 16. Rad1 O-O 17. c5 Nb4 18. Bb1 Nd5 19. f5 exf5 20. Rxd5 fxe4
21. Qxe4 g6 22. Re5 Be6 23. Qe3 Rae8 24. Bd3 Bxb3 25. axb3 Bxc5 26. Rxc5 Qd6
27. Be4 Rxe4 28. Qxe4 Qxc5+ 29. Kg2 Qb5 30. Qc4 Qe5 31. Rf2 Qd6 32. Qe4 b5
33. Qf3 Qd7 34. h3 Rd8 35. Kh2 Qd5 36. Qf6 Rd6 37. Qc3 Rc6 38. Qe3 Re6 39. Qc3
Rc6 40. Qe3 b4 41. Rd2 Re6 42. Qh6 Qe5 43. Rc2 Qe4 44. Qd2 Kg7 45. Qf2 a5
46. Rc7 Rf6 47. Qd2 Rf1 48. Qg2 Qxg2+ 49. Kxg2 Rd1 50. Rc2 Rd3 51. g4 Rxb3
52. h4 h6 53. Kf2 a4 54. Ke2 a3 55. bxa3 bxa3 56. Kd1 Rh3 0-1

[Event "PohÃ¡r mÄ›sta Å˜Ã­Ä�any 2020"]
[Site "MÄ›stskÃ© kulturnÃ­ stÅ™edisko U labutÄ›"]
[Date "2020.08.26"]
[Round "6.21"]
[White "Kacirek, Pavel"]
[Black "Salac, Jiri"]
[Result "0-1"]
[WhiteElo "1778"]
[BlackElo "1914"]
[PlyCount "0"]
[EventDate "2020.08.22"]

1. d4 d5 2. Nf3 Nf6 3. e3 Bf5 4. Be2 h6 5. b3 e6 6. Nbd2 Nbd7 7. Bb2 Be7 8. O-O
O-O 9. c4 c6 10. Ne5 Ne4 11. Nxe4 Bxe4 12. Nxd7 Qxd7 13. Bd3 Bxd3 14. Qxd3 f5
15. f3 Qe8 16. e4 fxe4 17. fxe4 Qg6 18. Rae1 Rxf1+ 19. Kxf1 Rf8+ 20. Kg1 Rf4
21. cxd5 exd5 22. Qh3 Rxe4 23. Rxe4 Qxe4 24. Qc8+ Kh7 25. g3 Qb1+ 0-1

[Event "PohÃ¡r mÄ›sta Å˜Ã­Ä�any 2020"]
[Site "MÄ›stskÃ© kulturnÃ­ stÅ™edisko U labutÄ›"]
[Date "2020.08.26"]
[Round "6.22"]
[White "Kubice, Jakub"]
[Black "Mejzr, Jan"]
[Result "1/2-1/2"]
[WhiteElo "1724"]
[BlackElo "1849"]
[PlyCount "0"]
[EventDate "2020.08.22"]

1. d4 Nf6 2. Nf3 g6 3. g3 Bg7 4. Bg2 O-O 5. O-O d5 6. b3 c6 7. Bb2 Ne4 8. Nbd2
f5 9. Ne5 Nd7 10. f4 Qb6 11. Ndf3 Ndf6 12. e3 Be6 13. Qe2 Rfd8 14. Rfe1 a5
15. a4 Rac8 16. Ba3 Bf8 17. Nd3 Qa6 18. Bf1 Qa7 19. Nfe5 Nd6 20. c4 dxc4
21. bxc4 {partie èitelná - nesmyslný tah} 1/2-1/2

[Event "PohÃ¡r mÄ›sta Å˜Ã­Ä�any 2020"]
[Site "MÄ›stskÃ© kulturnÃ­ stÅ™edisko U labutÄ›"]
[Date "2020.08.26"]
[Round "6.23"]
[White "Svetly, Jiri"]
[Black "Harcuba, Adam"]
[Result "1-0"]
[WhiteElo "1835"]
[BlackElo "1637"]
[PlyCount "0"]
[EventDate "2020.08.22"]

1. d4 Nf6 2. c4 g6 3. Nc3 d5 4. cxd5 Nxd5 5. Bd2 Bg7 6. e4 Nxc3 7. Bxc3 O-O
8. f4 e6 9. Nf3 c5 10. Qd2 cxd4 11. Bxd4 b6 12. Bxg7 Kxg7 13. Rc1 Bb7 14. Ne5
Nd7 {chybí tahy, nemožné pøeèíst} 1-0

[Event "PohÃ¡r mÄ›sta Å˜Ã­Ä�any 2020"]
[Site "MÄ›stskÃ© kulturnÃ­ stÅ™edisko U labutÄ›"]
[Date "2020.08.26"]
[Round "6.24"]
[White "Neuhoff, Laertes"]
[Black "Dome, Michal"]
[Result "1-0"]
[WhiteElo "1700"]
[BlackElo "1802"]
[PlyCount "0"]
[EventDate "2020.08.22"]

1. e4 e6 2. d4 d5 3. Nd2 Nc6 4. Ngf3 Nf6 5. e5 Nd7 6. Be2 f6 7. exf6 Qxf6
8. Nf1 Bd6 9. Ne3 O-O 10. O-O Qg6 11. c4 Nf6 12. c5 Be7 13. Bb5 Bd7 14. Bxc6
Bxc6 15. Ne5 Qe8 16. a4 Nd7 17. N3g4 Bf6 18. Nxf6+ gxf6 19. Nxc6 bxc6 20. Bh6
Rf7 21. Ra3 Qe7 22. Rg3+ Kh8 23. f4 f5 24. Re1 Nf6 25. Bg5 Qd7 26. Bxf6+ Rxf6
27. Rge3 a5 28. Qe2 Rb8 29. Rxe6 Rxe6 30. Qxe6 Qxe6 31. Rxe6 Rxb2 32. Rxc6 Rb4
33. Rxc7 Rxd4 34. c6 Rxa4 35. Rd7 Ra1+ 36. Kf2 Ra2+ 37. Kg3 Ra3+ 38. Kh4 Rc3
39. c7 a4 40. Rd8+ 1-0

[Event "PohÃ¡r mÄ›sta Å˜Ã­Ä�any 2020"]
[Site "MÄ›stskÃ© kulturnÃ­ stÅ™edisko U labutÄ›"]
[Date "2020.08.26"]
[Round "6.25"]
[White "Popovsky, Ondrej"]
[Black "Pavlicek, Petr"]
[Result "1-0"]
[WhiteElo "1766"]
[BlackElo "1860"]
[PlyCount "0"]
[EventDate "2020.08.22"]

1. b3 Nf6 2. Bb2 e6 3. e3 d5 4. f4 c5 5. Nf3 Nc6 6. Bb5 Bd7 7. O-O Be7 8. d3
O-O 9. Bxc6 Bxc6 10. Ne5 Qc7 11. Nd2 Rad8 12. Ndf3 Nd7 13. g4 f6 14. Nxd7 Qxd7
15. g5 d4 16. e4 Qe8 17. Qe2 Bd6 18. Bc1 f5 19. Nh4 1-0